000 01023nam0a22002891 4500
001 v19\rc\1214212
005 20250617221434.0
035 _a(NLR Aleph) 004377450
090 _a3581053
_c3581053
100 _a20060306f18701879|||y0rusy50 ca
101 0 _arus
102 _aRU
105 _aa j |||||
200 1 _a[Лекции минералогии]
210 _aСанкт-Петербург
_cизд. Р.П...
_d[187-?]
215 _a146 с.
_cчерт.
300 _aВ сигнатуре авт.: П. Еремеев
300 _aТекст начинается словами: "Введение. Минералом называется..."
309 _aБез тит. л. и обл.
309 _aНаписано от руки. Литогр.
540 1 3 _aЛекции минералогии
700 1 _aЕремеев
_bП.В.
_f1830-1899
_gПавел Владимирович
801 0 _aRU
_bNLR
_gpsbo
801 1 _aRU
_bProSoft-M
_2rusmarc
852 _aNLR
_j18.167.1.250
942 _cBOOK
980 _aNB